[Event "33. Open Ciudad de San Sebastian"]
[Site "San Sebastián ESP"]
[Date "2010.04.01"]
[Round "5.11"]
[White "Barria Zuniga, Daniel"]
[Black "Aranaz Portugues, Jose Carlos"]
[Result "1-0"]
[WhiteElo "2435"]
[BlackElo "2169"]
[PlyCount "80"]
[EventDate "2010.03.28"]
[EventType "swiss"]
[EventRounds "9"]
[EventCountry "ESP"]
[Source "lmi"]
[SourceDate "2010.03.28"]

1. e4 c6 2. d4 d5 3. e5 g6 4. Nf3 Bg7 5. Be2 Nh6 6. O-O Bg4 7. Nbd2 O-O 8. h3
Bxf3 9. Nxf3 e6 10. Bg5 Qc7 11. Qd2 Nf5 12. Rac1 Re8 13. c4 dxc4 14. Bxc4 Nd7
15. a3 h6 16. Bf4 Kh7 17. g4 Ne7 18. Kg2 Nb6 19. Ba2 Nbd5 20. Bg3 Rad8 21. Qe2
Qd7 22. Bb1 Kg8 23. Rfd1 Rc8 24. Nd2 g5 25. Nc4 Rc7 26. Nd6 Rd8 27. Be4 a6 28.
Rd3 Ng6 29. Bxd5 cxd5 30. Rxc7 Qxc7 31. Rb3 Rb8 32. Rc3 Qb6 33. Rc5 Ne7 34. b4
Nc6 35. Qe3 Qd8 36. Nxb7 Rxb7 37. Rxc6 a5 38. Qc1 Bf8 39. Rc8 Qe7 40. bxa5 Qxa3
1-0

[Event "33. Open Ciudad de San Sebastian"]
[Site "San Sebastián ESP"]
[Date "2010.04.01"]
[Round "5.12"]
[White "Griffiths, Ryan Rhys"]
[Black "Ledger, Andrew J"]
[Result "1-0"]
[WhiteElo "2195"]
[BlackElo "2431"]
[PlyCount "43"]
[EventDate "2010.03.28"]
[EventType "swiss"]
[EventRounds "9"]
[EventCountry "ESP"]
[Source "lmi"]
[SourceDate "2010.03.28"]

1. c4 Nf6 2. g3 c6 3. Bg2 d5 4. Nf3 Bg4 5. Ne5 Be6 6. cxd5 Bxd5 7. Nf3 c5 8.
Nc3 Bc6 9. O-O e6 10. d4 cxd4 11. Qxd4 Qxd4 12. Nxd4 Bxg2 13. Kxg2 a6 14. b3
Nbd7 15. Bb2 Bb4 16. Rac1 Ke7 17. Rfd1 Rhd8 18. e3 Rac8 19. Nce2 g6 20. Nf3 Ne4
21. Rd4 Rxc1 22. Nxc1 1-0

[Event "33. Open Ciudad de San Sebastian"]
[Site "San Sebastián ESP"]
[Date "2010.04.01"]
[Round "5.13"]
[White "Argandona Riveiro, Inigo"]
[Black "Hagemann, Tim Dr"]
[Result "1-0"]
[WhiteElo "2388"]
[BlackElo "2164"]
[PlyCount "73"]
[EventDate "2010.03.28"]
[EventType "swiss"]
[EventRounds "9"]
[EventCountry "ESP"]
[Source "lmi"]
[SourceDate "2010.03.28"]

1. Nf3 d5 2. d4 Nf6 3. c4 c6 4. Nc3 e6 5. Bg5 Nbd7 6. cxd5 exd5 7. e3 Be7 8.
Qc2 O-O 9. Bd3 Re8 10. O-O Nf8 11. h3 Ne4 12. Bf4 Nd6 13. b4 g6 14. b5 Bf5 15.
Bxf5 Nxf5 16. bxc6 bxc6 17. Ne5 Rc8 18. Na4 Ne6 19. Rfd1 Nxf4 20. exf4 Bd6 21.
Nc5 f6 22. Nb7 Qe7 23. Nxd6 Qxd6 24. Ng4 h5 25. Nh6+ Kg7 26. Nxf5+ gxf5 27.
Qxf5 Rb8 28. h4 Re4 29. Rd3 Qxf4 30. Rg3+ Kf7 31. Qh7+ Ke6 32. Rg7 Rb2 33. Rf1
Rxd4 34. Qg8+ Kf5 35. Qc8+ Ke4 36. Re7+ Kd3 37. Qxc6 1-0

[Event "33. Open Ciudad de San Sebastian"]
[Site "San Sebastián ESP"]
[Date "2010.04.01"]
[Round "5.14"]
[White "Diez Fraile, David"]
[Black "Andres Gonzalez, Ivan"]
[Result "1/2-1/2"]
[WhiteElo "2168"]
[BlackElo "2340"]
[PlyCount "41"]
[EventDate "2010.03.28"]
[EventType "swiss"]
[EventRounds "9"]
[EventCountry "ESP"]
[Source "lmi"]
[SourceDate "2010.03.28"]

1. e4 c5 2. Nf3 Nc6 3. d4 cxd4 4. Nxd4 Nf6 5. Nc3 d6 6. g3 Bg4 7. f3 Bd7 8. Be3
g6 9. Qd2 Rc8 10. O-O-O Bg7 11. Kb1 Nxd4 12. Bxd4 Qa5 13. Bxf6 Bxf6 14. Nd5
Qxd2 15. Nxf6+ exf6 16. Rxd2 Ke7 17. Bd3 Rhd8 18. c4 Be6 19. b3 h5 20. h4 Rc5
21. Re1 1/2-1/2

[Event "33. Open Ciudad de San Sebastian"]
[Site "San Sebastián ESP"]
[Date "2010.04.01"]
[Round "5.15"]
[White "Corral Sierra, Javier"]
[Black "Andonov, Bogomil"]
[Result "0-1"]
[WhiteElo "2123"]
[BlackElo "2304"]
[PlyCount "106"]
[EventDate "2010.03.28"]
[EventType "swiss"]
[EventRounds "9"]
[EventCountry "ESP"]
[Source "lmi"]
[SourceDate "2010.03.28"]

1. Nf3 d6 2. d4 Bg4 3. c4 c6 4. Nc3 e6 5. e4 Nf6 6. Be2 Be7 7. O-O O-O 8. Be3
d5 9. e5 Nfd7 10. Nd2 Bxe2 11. Qxe2 Nxe5 12. dxe5 d4 13. Nce4 dxe3 14. Qxe3 Nd7
15. Nf3 Qb6 16. Qe2 Rad8 17. Rad1 Qc7 18. Ng3 a5 19. h3 Nc5 20. Nh5 Rxd1 21.
Rxd1 Rd8 22. Rxd8+ Qxd8 23. Nf4 g6 24. b3 Bf8 25. g4 Bh6 26. Ng2 Qd3 27. Kf1
Qb1+ 28. Nge1 a4 29. bxa4 Nxa4 30. Qc2 Qxc2 31. Nxc2 Bc1 32. Nfe1 Nb2 33. Na3
Bf4 34. Ke2 Bxe5 35. Kd2 Bd6 36. Nec2 f5 37. f3 Kf7 38. Kc3 Nd1+ 39. Kd2 Nf2
40. gxf5 exf5 41. h4 Be7 42. h5 gxh5 43. Nb1 h4 44. Ke2 Nh3 45. Ne3 Nf4+ 46.
Kf1 Ke6 47. Nc3 Ke5 48. Ne2 Nxe2 49. Kxe2 h3 50. Nf1 Kd4 51. Kf2 Bd6 52. Ne3
Bg3+ 53. Ke2 f4 0-1

[Event "33. Open Ciudad de San Sebastian"]
[Site "San Sebastián ESP"]
[Date "2010.04.01"]
[Round "5.16"]
[White "Torres Ganuza, Fco  Javier"]
[Black "Martin Alvarez, Inigo"]
[Result "0-1"]
[WhiteElo "2109"]
[BlackElo "2289"]
[PlyCount "72"]
[EventDate "2010.03.28"]
[EventType "swiss"]
[EventRounds "9"]
[EventCountry "ESP"]
[Source "lmi"]
[SourceDate "2010.03.28"]

1. d4 d5 2. c4 c6 3. Nf3 Nf6 4. Nc3 a6 5. cxd5 cxd5 6. Bg5 Ne4 7. Qb3 Nxg5 8.
Nxg5 e6 9. Nf3 Bd6 10. e3 O-O 11. Bd3 Nd7 12. O-O Nf6 13. Rac1 b5 14. e4 dxe4
15. Nxe4 Bb7 16. Rfe1 Bf4 17. Rcd1 Qe7 18. Qc2 Rac8 19. Qe2 Bd5 20. Nc5 Rxc5
21. dxc5 Qxc5 22. Bb1 Rc8 23. Ne5 Qc7 24. g3 Bh6 25. f4 g6 26. Qd2 Bf8 27. b4
Ba8 28. Kf2 Qb7 29. Rg1 h5 30. Ke1 a5 31. a3 axb4 32. axb4 Nd5 33. Be4 Qb6 34.
Qd4 Bxb4+ 35. Kf1 Qxd4 36. Rxd4 Rc1+ 0-1

[Event "33. Open Ciudad de San Sebastian"]
[Site "San Sebastián ESP"]
[Date "2010.04.01"]
[Round "5.17"]
[White "D'amade, Philippe"]
[Black "Santos Etxepare, Agustin"]
[Result "1-0"]
[WhiteElo "1810"]
[BlackElo "1593"]
[PlyCount "103"]
[EventDate "2010.03.28"]
[EventType "swiss"]
[EventRounds "9"]
[EventCountry "ESP"]
[Source "lmi"]
[SourceDate "2010.03.28"]

1. e4 c5 2. Nc3 Nc6 3. g3 d6 4. Bg2 Nf6 5. Nge2 Ne5 6. f4 Neg4 7. h3 Nh6 8. g4
Nhg8 9. d4 cxd4 10. Nxd4 e5 11. Nf3 Ne7 12. fxe5 dxe5 13. Qxd8+ Kxd8 14. Nxe5
Be6 15. Be3 a6 16. Bb6+ Ke8 17. O-O-O Nd7 18. Nxd7 Bxd7 19. Nd5 Nxd5 20. exd5
Bd6 21. Rde1+ Kf8 22. c4 Rc8 23. b3 f6 24. Bd4 Kf7 25. Kb2 Rhe8 26. Be4 h6 27.
Bd3 Rxe1 28. Rxe1 Re8 29. Rxe8 Bxe8 30. c5 Be5 31. Bxe5 fxe5 32. b4 Kf6 33. Kb3
Kg5 34. a4 Kf4 35. b5 axb5 36. axb5 e4 37. Bc4 e3 38. c6 b6 39. d6 Bf7 40. d7
Bxc4+ 41. Kxc4 e2 42. d8=Q e1=Q 43. Qd4+ Kg5 44. Qxg7+ Kh4 45. Qxh6+ Kg3 46.
Qd6+ Kxh3 47. c7 Qc1+ 48. Kd5 Qd1+ 49. Kc6 Qc2+ 50. Kxb6 Qf2+ 51. Kb7 Qf3+ 52.
Kb8 1-0

[Event "33. Open Ciudad de San Sebastian"]
[Site "San Sebastián ESP"]
[Date "2010.04.01"]
[Round "5.18"]
[White "Navarrete Espi, Samuel"]
[Black "Hernandez, Elvis"]
[Result "1-0"]
[WhiteElo "1992"]
[BlackElo "2277"]
[PlyCount "105"]
[EventDate "2010.03.28"]
[EventType "swiss"]
[EventRounds "9"]
[EventCountry "ESP"]
[Source "lmi"]
[SourceDate "2010.03.28"]

1. e4 e6 2. d4 d5 3. Nc3 Bb4 4. e5 c5 5. a3 Bxc3+ 6. bxc3 Ne7 7. Qg4 cxd4 8.
Qxg7 Rg8 9. Qxh7 Qc7 10. Ne2 Nbc6 11. f4 Bd7 12. Qd3 dxc3 13. Rb1 O-O-O 14.
Nxc3 Na5 15. h3 Kb8 16. g4 Nc4 17. Ne4 Nxe5 18. fxe5 dxe4 19. Qd6 Qxd6 20. exd6
Nc8 21. Bf4 f6 22. Ba6 Nb6 23. c4 Rc8 24. Be3 Bc6 25. c5 Nd5 26. Kf2 f5 27. Bd4
Ka8 28. Bb5 fxg4 29. hxg4 Rcf8+ 30. Ke1 Rxg4 31. Bxc6 bxc6 32. Rh7 e3 33. Bxe3
Nxe3 34. Rbb7 Ra4 35. Rbe7 Rd8 36. Rd7 Ra6 37. Rhe7 Rxd7 38. Rxd7 Kb8 39. Rd8+
Kb7 40. Re8 Rxa3 41. Ke2 Ra1 42. d7 Rd1 43. d8=Q Rxd8 44. Rxd8 Nd5 45. Kd3 Nc7
46. Kd4 Na6 47. Rd7+ Ka8 48. Re7 Nb8 49. Ke5 a5 50. Kd6 a4 51. Kc7 Na6+ 52. Kb6
a3 53. Ra7+ 1-0

[Event "33. Open Ciudad de San Sebastian"]
[Site "San Sebastián ESP"]
[Date "2010.04.01"]
[Round "5.19"]
[White "Recuero Guerra, David"]
[Black "Piasetski, Leon"]
[Result "0-1"]
[WhiteElo "2481"]
[BlackElo "2280"]
[PlyCount "66"]
[EventDate "2010.03.28"]
[EventType "swiss"]
[EventRounds "9"]
[EventCountry "ESP"]
[Source "lmi"]
[SourceDate "2010.03.28"]

1. Nf3 Nf6 2. d4 g6 3. g3 Bg7 4. Bg2 O-O 5. O-O d6 6. c4 Nbd7 7. Nc3 e5 8. b3
Re8 9. Qc2 exd4 10. Nxd4 Nc5 11. Bb2 c6 12. a3 h5 13. h3 h4 14. gxh4 Nh5 15.
Nf3 Bf5 16. Qd1 Nf4 17. Ra2 Qd7 18. Ng5 Nxh3+ 19. Nxh3 Bxh3 20. f3 Bh6 21. b4
Be3+ 22. Kh2 Bxg2 23. Kxg2 Ne6 24. Rh1 Nf4+ 25. Kf1 d5 26. Bc1 Qf5 27. Rh2 Rad8
28. Rd2 d4 29. Na4 d3 30. exd3 Bxd2 31. Rxd2 Qh3+ 32. Kg1 Qg3+ 33. Kf1 Nxd3 0-1

[Event "33. Open Ciudad de San Sebastian"]
[Site "San Sebastián ESP"]
[Date "2010.04.01"]
[Round "5.20"]
[White "Marholev, Dimitar"]
[Black "Meneses Gonzalez, Kevin Moises"]
[Result "1-0"]
[WhiteElo "2423"]
[BlackElo "2117"]
[PlyCount "51"]
[EventDate "2010.03.28"]
[EventType "swiss"]
[EventRounds "9"]
[EventCountry "ESP"]
[Source "lmi"]
[SourceDate "2010.03.28"]

1. e4 c5 2. Nf3 d6 3. d4 cxd4 4. Nxd4 Nf6 5. Nc3 a6 6. Bc4 e6 7. Bb3 Be7 8. Be3
b5 9. f4 b4 10. Na4 Nxe4 11. f5 e5 12. Bd5 exd4 13. Qxd4 Bxf5 14. Bxa8 Qa5 15.
Bxe4 Bxe4 16. Qxe4 Qxa4 17. O-O Nc6 18. c4 Ne5 19. Qa8+ Bd8 20. Bb6 Qd7 21.
Bxd8 Qxd8 22. Qxa6 O-O 23. Rad1 Qh4 24. Qxd6 Nxc4 25. Qxb4 Qe4 26. Rfe1 1-0

[Event "33. Open Ciudad de San Sebastian"]
[Site "San Sebastián ESP"]
[Date "2010.04.01"]
[Round "5.21"]
[White "Nelson, Jonathan P"]
[Black "Bae, Torstein"]
[Result "0-1"]
[WhiteElo "2245"]
[BlackElo "2414"]
[PlyCount "96"]
[EventDate "2010.03.28"]
[EventType "swiss"]
[EventRounds "9"]
[EventCountry "ESP"]
[Source "lmi"]
[SourceDate "2010.03.28"]

1. e4 e5 2. Nf3 Nc6 3. d4 exd4 4. Nxd4 Nf6 5. Nxc6 bxc6 6. e5 Qe7 7. Qe2 Nd5 8.
c4 Ba6 9. b3 g6 10. g3 Bg7 11. Bb2 O-O 12. Bg2 Rae8 13. O-O Bxe5 14. Qxe5 Qxe5
15. Bxe5 Rxe5 16. cxd5 Bxf1 17. Kxf1 cxd5 18. Nc3 c6 19. Rd1 Rb8 20. Bf3 a5 21.
Na4 d6 22. Rc1 c5 23. Nc3 d4 24. Nd5 Kg7 25. Rc4 g5 26. g4 f5 27. gxf5 Rxf5 28.
Be4 Re5 29. Bh1 Rf8 30. Rc2 Rfe8 31. Rc1 Re2 32. Ne3 Rxa2 33. Nf5+ Kf8 34. Nxd6
Ree2 35. Ne4 Rec2 36. Re1 g4 37. Kg1 h5 38. h3 Rab2 39. hxg4 hxg4 40. Nf6 d3
41. Nxg4 d2 42. Rd1 Rc1 43. Bf3 Rxb3 44. Ne3 c4 45. Kf1 c3 46. Ke2 a4 47. Be4
a3 48. Bc2 a2 0-1

[Event "33. Open Ciudad de San Sebastian"]
[Site "San Sebastián ESP"]
[Date "2010.04.01"]
[Round "5.22"]
[White "Almeida Toledano, Daniel"]
[Black "Lakunza Plazaola, Asier"]
[Result "1-0"]
[WhiteElo "2367"]
[BlackElo "2093"]
[PlyCount "63"]
[EventDate "2010.03.28"]
[EventType "swiss"]
[EventRounds "9"]
[EventCountry "ESP"]
[Source "lmi"]
[SourceDate "2010.03.28"]

1. e4 c5 2. Nf3 d6 3. d4 cxd4 4. Nxd4 Nf6 5. Nc3 a6 6. Bg5 e6 7. f4 Qb6 8. Qd2
Qxb2 9. Rb1 Qa3 10. e5 dxe5 11. fxe5 Nfd7 12. Ne4 h6 13. Bh4 g5 14. Bg3 Be7 15.
Bd3 Qxa2 16. O-O Nc6 17. Nxc6 bxc6 18. Qe2 Qd5 19. Nd6+ Bxd6 20. exd6 O-O 21.
h4 Nc5 22. Be5 Nxd3 23. cxd3 f5 24. hxg5 hxg5 25. d4 Rf7 26. Qh5 Rg7 27. Bxg7
Kxg7 28. Qxg5+ Kf7 29. Rf4 Qxd6 30. Rh4 Qa3 31. Rh7+ Ke8 32. Qg6+ 1-0

[Event "33. Open Ciudad de San Sebastian"]
[Site "San Sebastián ESP"]
[Date "2010.04.01"]
[Round "5.23"]
[White "Rodriguez Lapetra, Pablo"]
[Black "Alvarez Fernandez, Enrique"]
[Result "0-1"]
[WhiteElo "2105"]
[BlackElo "2366"]
[PlyCount "68"]
[EventDate "2010.03.28"]
[EventType "swiss"]
[EventRounds "9"]
[EventCountry "ESP"]
[Source "lmi"]
[SourceDate "2010.03.28"]

1. e4 c6 2. d4 d6 3. Nc3 g6 4. f4 d5 5. e5 h5 6. Nf3 Nh6 7. Bd3 Bf5 8. O-O Bxd3
9. Qxd3 e6 10. Be3 Nf5 11. Bf2 Nd7 12. Kh1 Be7 13. b3 a6 14. Na4 O-O 15. c4
dxc4 16. bxc4 b5 17. Nc3 Nb6 18. Nd2 Bc5 19. cxb5 cxb5 20. Nb3 Bb4 21. Ne4 Nd5
22. Be1 Be7 23. Ba5 Qd7 24. Rac1 b4 25. a3 bxa3 26. Nbc5 Qb5 27. Qxa3 Nde3 28.
Rb1 Qc6 29. Qd3 Nxf1 30. Rxf1 Qb5 31. Bc3 Qxd3 32. Nxd3 Rfd8 33. Nb4 Bxb4 34.
Bxb4 Rxd4 0-1

[Event "33. Open Ciudad de San Sebastian"]
[Site "San Sebastián ESP"]
[Date "2010.04.01"]
[Round "5.24"]
[White "Aranaz Murillo, Amalia"]
[Black "Jakobsen, Ole"]
[Result "0-1"]
[WhiteElo "2083"]
[BlackElo "2332"]
[PlyCount "184"]
[EventDate "2010.03.28"]
[EventType "swiss"]
[EventRounds "9"]
[EventCountry "ESP"]
[Source "lmi"]
[SourceDate "2010.03.28"]

1. Nf3 g6 2. c4 Bg7 3. e4 d6 4. d4 Bg4 5. Be2 Nc6 6. Be3 e5 7. d5 Bxf3 8. Bxf3
Nd4 9. Nc3 Ne7 10. Bxd4 exd4 11. Ne2 c5 12. dxc6 bxc6 13. O-O Qb6 14. Qd2 Rb8
15. Rab1 a5 16. Nc1 O-O 17. Nd3 c5 18. Rfe1 Nc6 19. Bd1 Ne5 20. Nxe5 dxe5 21.
Bc2 Qa6 22. b3 Rb6 23. a4 h5 24. Qe2 Bh6 25. Red1 Kg7 26. g3 Rf6 27. Rd3 Qb6
28. Kg2 Qc7 29. Rbd1 Rh8 30. Rf3 Rxf3 31. Qxf3 Qb6 32. Qd3 h4 33. Qf3 Qe6 34.
h3 hxg3 35. fxg3 Be3 36. Rh1 Qb6 37. Rd1 Rf8 38. g4 Bg5 39. Qg3 Qf6 40. Rf1 Bf4
41. Qf3 Qg5 42. Rf2 Rh8 43. Rf1 Qh4 44. Rf2 Rb8 45. Qd3 Be3 46. Rf3 Rh8 47. Qf1
f6 48. Qd3 Qg5 49. Qe2 Qh4 50. Qd3 Rf8 51. Qf1 Qg5 52. Qd3 Bf4 53. Kf1 Kh6 54.
Rf2 Qh4 55. Rf3 Kg7 56. Kg2 Qg5 57. Kf1 Kf7 58. Qe2 Ke7 59. Qe1 Bd2 60. Qe2 Bc3
61. Kg2 Rh8 62. Qd3 Qd2+ 63. Qxd2 Bxd2 64. Kg3 Ke6 65. Bd3 Bf4+ 66. Kg2 Rb8 67.
Bc2 Bg5 68. Kg3 Rh8 69. Bd3 Kf7 70. Bc2 Kg7 71. Bd3 Bh4+ 72. Kg2 Kh6 73. Kh2
Kg5 74. Kg2 Be1 75. Bc2 Bd2 76. Bd1 Bf4 77. Bc2 Re8 78. Bd3 f5 79. gxf5 gxf5
80. Rf1 fxe4 81. Bxe4 Kh4 82. Bf5 Rf8 83. Bg4 e4 84. Re1 Be3 85. Re2 Kg5 86.
Be6 Kf4 87. Bg4 d3 88. Re1 Rg8 89. Rf1+ Ke5 90. Re1 Kd4 91. Kg3 d2 92. Rd1 Kd3
0-1

[Event "33. Open Ciudad de San Sebastian"]
[Site "San Sebastián ESP"]
[Date "2010.04.01"]
[Round "5.27"]
[White "Andersen, Alf R"]
[Black "Arana Garate, Jon"]
[Result "1-0"]
[WhiteElo "2185"]
[BlackElo "1944"]
[PlyCount "61"]
[EventDate "2010.03.28"]
[EventType "swiss"]
[EventRounds "9"]
[EventCountry "ESP"]
[Source "lmi"]
[SourceDate "2010.03.28"]

1. e4 d6 2. d4 Nf6 3. Nc3 g6 4. Bg5 Bg7 5. Qd2 h6 6. Bh4 Nbd7 7. f4 c5 8. d5
Qa5 9. Nf3 a6 10. e5 dxe5 11. fxe5 Ng4 12. e6 fxe6 13. Bd3 Nde5 14. Nxe5 Nxe5
15. O-O exd5 16. Bxg6+ Nxg6 17. Qxd5 Bd4+ 18. Kh1 Nxh4 19. Qh5+ Kd8 20. Qxh4
Bd7 21. Nd5 Re8 22. Rae1 Qd2 23. Nb6 Bc6 24. Qg3 Rc8 25. c3 Qxb2 26. Nxc8 Qxc3
27. Qb8 Bxg2+ 28. Kxg2 Qb2+ 29. Kh1 Kd7 30. Rxe7+ Rxe7 31. Qd6+ 1-0

[Event "33. Open Ciudad de San Sebastian"]
[Site "San Sebastián ESP"]
[Date "2010.04.01"]
[Round "5.28"]
[White "Guijarro Galan, Jose Luis"]
[Black "Severri Arrese, Carlos"]
[Result "1-0"]
[WhiteElo "2104"]
[BlackElo "1925"]
[PlyCount "53"]
[EventDate "2010.03.28"]
[EventType "swiss"]
[EventRounds "9"]
[EventCountry "ESP"]
[Source "lmi"]
[SourceDate "2010.03.28"]

1. e4 c5 2. Nf3 b6 3. d4 cxd4 4. Nxd4 Bb7 5. Nc3 a6 6. Be3 d6 7. Bd3 Nd7 8. Qe2
Ngf6 9. O-O-O g6 10. Bc4 Ne5 11. Bd5 Nxd5 12. Nxd5 Rc8 13. b3 Bg7 14. Bg5 Bf8
15. f4 Nd7 16. Rhe1 b5 17. Qd2 Nc5 18. Nf3 Ne6 19. e5 Bxd5 20. Qxd5 Qc7 21. Re2
dxe5 22. Nxe5 Rd8 23. Qe4 Rc8 24. Nxf7 Nxg5 25. Nxg5 Qc3 26. Kb1 Qf6 27. Qd5
1-0

[Event "33. Open Ciudad de San Sebastian"]
[Site "San Sebastián ESP"]
[Date "2010.04.01"]
[Round "5.29"]
[White "Kopischke, Maik"]
[Black "Uriarte Prieto, Goyo"]
[Result "0-1"]
[WhiteElo "1911"]
[BlackElo "2086"]
[PlyCount "46"]
[EventDate "2010.03.28"]
[EventType "swiss"]
[EventRounds "9"]
[EventCountry "ESP"]
[Source "lmi"]
[SourceDate "2010.03.28"]

1. d4 e6 2. Nf3 f5 3. g3 Nf6 4. Bg2 d5 5. O-O Bd6 6. c4 c6 7. cxd5 exd5 8. Ne5
O-O 9. Bg5 Nbd7 10. f4 Qb6 11. Bxf6 Rxf6 12. Nxd7 Bxd7 13. b3 Re8 14. Qd3 Rxe2
15. Nd2 Rfe6 16. Nf3 R6e3 17. Qd1 Bb4 18. Ne5 Be8 19. Nf3 Bh5 20. Qb1 Bxf3 21.
Bxf3 Qxd4 22. Bxe2 Rxe2+ 23. Kh1 Qd2 0-1

[Event "33. Open Ciudad de San Sebastian"]
[Site "San Sebastián ESP"]
[Date "2010.04.01"]
[Round "5.30"]
[White "Fuente San Sebastian, Ernesto"]
[Black "Montoya Irigoyen, Inigo"]
[Result "0-1"]
[WhiteElo "1897"]
[BlackElo "2083"]
[PlyCount "58"]
[EventDate "2010.03.28"]
[EventType "swiss"]
[EventRounds "9"]
[EventCountry "ESP"]
[Source "lmi"]
[SourceDate "2010.03.28"]

1. e4 c5 2. Nf3 e6 3. d4 cxd4 4. Nxd4 Nc6 5. a3 Nf6 6. Nc3 Qc7 7. Be3 a6 8. f4
d6 9. Qf3 b5 10. O-O-O Nxd4 11. Bxd4 e5 12. Bf2 Bg4 13. Nd5 Nxd5 14. Qxg4 Nxf4
15. g3 Rc8 16. Rd2 Ne6 17. h4 Be7 18. Bh3 O-O 19. Qf3 Qa5 20. Qb3 Rc4 21. Rhd1
Rfc8 22. Kb1 b4 23. Rd5 Qc7 24. R1d2 bxa3 25. Bf1 Rc6 26. Qxa3 Rxc2 27. Qd3
Rc1+ 28. Ka2 Qb7 29. Rd1 R1c2 0-1

[Event "33. Open Ciudad de San Sebastian"]
[Site "San Sebastián ESP"]
[Date "2010.04.01"]
[Round "5.31"]
[White "Benson, Oisin P"]
[Black "Fernandez Zubitur, Jokin"]
[Result "1-0"]
[WhiteElo "2065"]
[BlackElo "1908"]
[PlyCount "75"]
[EventDate "2010.03.28"]
[EventType "swiss"]
[EventRounds "9"]
[EventCountry "ESP"]
[Source "lmi"]
[SourceDate "2010.03.28"]

1. d4 d5 2. c4 e6 3. Nc3 Nf6 4. cxd5 exd5 5. Bg5 Be7 6. Qc2 c6 7. e3 h6 8. Bh4
O-O 9. Bd3 Re8 10. Nf3 Nbd7 11. O-O Ne4 12. Bxe7 Qxe7 13. Bxe4 dxe4 14. Nd2 Nf6
15. b4 Bf5 16. Rab1 Nd5 17. Qb3 Nxc3 18. Qxc3 Qg5 19. Kh1 Re6 20. Rg1 Qh4 21.
Rbf1 Rd8 22. f3 exf3 23. Rxf3 Rd5 24. Rgf1 Bg4 25. Rf4 Rf6 26. g3 Qg5 27. Rxf6
gxf6 28. Ne4 Qg6 29. Nxf6+ Kg7 30. Nxd5 Qe4+ 31. Kg1 Bh3 32. Nf4 Bxf1 33. Kxf1
Qh1+ 34. Kf2 Qxh2+ 35. Ng2 Qh3 36. d5+ Kg8 37. d6 Qe6 38. Qd2 1-0

[Event "33. Open Ciudad de San Sebastian"]
[Site "San Sebastián ESP"]
[Date "2010.04.01"]
[Round "5.32"]
[White "Garro Beraza, Julen"]
[Black "Bas Mas, Jose Joaquin"]
[Result "0-1"]
[WhiteElo "1881"]
[BlackElo "2051"]
[PlyCount "80"]
[EventDate "2010.03.28"]
[EventType "swiss"]
[EventRounds "9"]
[EventCountry "ESP"]
[Source "lmi"]
[SourceDate "2010.03.28"]

1. e4 c5 2. Nf3 e6 3. d3 d5 4. Nbd2 Nc6 5. g3 g6 6. Bg2 Bg7 7. O-O Nge7 8. Re1
b6 9. c3 a5 10. a4 Ba6 11. Nb3 d4 12. cxd4 cxd4 13. Bd2 e5 14. Qe2 O-O 15. Rec1
Qd6 16. Be1 Bh6 17. Bd2 Bg7 18. Be1 Nb4 19. Bxb4 Qxb4 20. Nbd2 Rac8 21. Nc4
Bxc4 22. Rxc4 Rxc4 23. dxc4 Rc8 24. Bf1 Nc6 25. Ne1 Nd8 26. Qg4 Rc7 27. Nd3 Qe7
28. Ra3 h5 29. Qd1 Rc6 30. Rb3 Qc7 31. Rb5 Rxc4 32. Nf4 Rc1 33. Nd5 Rxd1 34.
Nxc7 Nc6 35. Rxb6 Nb4 36. Nd5 Nxd5 37. exd5 d3 38. Kg2 d2 39. Be2 Re1 40. Bf3
e4 0-1

[Event "33. Open Ciudad de San Sebastian"]
[Site "San Sebastián ESP"]
[Date "2010.04.01"]
[Round "5.33"]
[White "Zaballa Zarzosa, Jon"]
[Black "Fehr, Jukka"]
[Result "0-1"]
[WhiteElo "1872"]
[BlackElo "2024"]
[PlyCount "52"]
[EventDate "2010.03.28"]
[EventType "swiss"]
[EventRounds "9"]
[EventCountry "ESP"]
[Source "lmi"]
[SourceDate "2010.03.28"]

1. e4 e6 2. d4 d5 3. Nc3 Bb4 4. e5 Ne7 5. a3 Bxc3+ 6. bxc3 c5 7. dxc5 Nbc6 8.
Bb5 O-O 9. Bxc6 bxc6 10. Be3 Nf5 11. Bd4 Ba6 12. Ne2 Qg5 13. g3 Rae8 14. h4 Qd8
15. Nf4 f6 16. Nd3 Qc7 17. exf6 e5 18. Be3 Nxe3 19. fxe3 Rxf6 20. Qh5 Re7 21.
Rb1 Bxd3 22. cxd3 e4 23. Ke2 Qxg3 24. dxe4 Qg2+ 25. Kd3 Qxe4+ 26. Kd2 Rf2+ 0-1

[Event "33. Open Ciudad de San Sebastian"]
[Site "San Sebastián ESP"]
[Date "2010.04.01"]
[Round "5.34"]
[White "Saenz Zabala, Juan Ignacio"]
[Black "Segura Del Frago, Imanol"]
[Result "0-1"]
[WhiteElo "1845"]
[BlackElo "2010"]
[PlyCount "64"]
[EventDate "2010.03.28"]
[EventType "swiss"]
[EventRounds "9"]
[EventCountry "ESP"]
[Source "lmi"]
[SourceDate "2010.03.28"]

1. e4 c5 2. f4 d5 3. e5 a6 4. Nf3 Nc6 5. d4 Bg4 6. dxc5 e6 7. c3 Bxc5 8. Qd3
Qb6 9. b4 Bf2+ 10. Ke2 Bf5 11. Qd2 Nh6 12. h3 Be4 13. g4 Bg3 14. Qe3 Qb5+ 15.
Kd2 Qa4 16. Bd3 Rc8 17. Bxe4 dxe4 18. Qxe4 O-O 19. Ng5 g6 20. Ke2 Rfd8 21. Be3
a5 22. Nd2 Kg7 23. Kf3 Bh4 24. bxa5 Qxa5 25. Nc4 Qxc3 26. Nd6 Ra8 27. Rhc1 Qb2
28. Rab1 Qh2 29. Rc2 Qg3+ 30. Ke2 Ra3 31. Rf1 Rxe3+ 32. Qxe3 Qg2+ 0-1

[Event "33. Open Ciudad de San Sebastian"]
[Site "San Sebastián ESP"]
[Date "2010.04.01"]
[Round "5.35"]
[White "Fletcher, John"]
[Black "Nogues Fernandez, Ramon"]
[Result "1-0"]
[WhiteElo "2004"]
[BlackElo "1894"]
[PlyCount "107"]
[EventDate "2010.03.28"]
[EventType "swiss"]
[EventRounds "9"]
[EventCountry "ESP"]
[Source "lmi"]
[SourceDate "2010.03.28"]

1. d4 d5 2. e4 e6 3. Nc3 Nf6 4. Bg5 Bb4 5. e5 h6 6. Bd2 Bxc3 7. bxc3 Ne4 8. Qg4
g6 9. Bd3 Nxd2 10. Kxd2 c5 11. Nf3 Nc6 12. Qf4 Qa5 13. h4 cxd4 14. Nxd4 Nxd4
15. Qxd4 Bd7 16. a4 Rc8 17. Rab1 Qc7 18. a5 a6 19. Rb6 Bc6 20. Rh3 Qe7 21. Qb4
Rg8 22. f4 Qd8 23. Qd4 Qe7 24. Rb4 Qd8 25. Qb6 Qe7 26. g4 h5 27. Qg1 hxg4 28.
Qxg4 d4 29. Rxd4 Bb5 30. Bxb5+ axb5 31. h5 Rd8 32. Rxd8+ Qxd8+ 33. Rd3 Qxa5 34.
h6 b4 35. cxb4 Qxb4+ 36. Kc1 Qe1+ 37. Qd1 Qxd1+ 38. Kxd1 Rh8 39. Rh3 Kf8 40. c4
Kg8 41. Kd2 Kh7 42. Rd3 Rc8 43. Rd7 Rxc4 44. Rxf7+ Kxh6 45. Ke3 Rb4 46. Re7 Kh5
47. Rxe6 b5 48. Rb6 Rb3+ 49. Ke4 Rb4+ 50. Kd5 Rxf4 51. e6 Rf1 52. e7 Rd1+ 53.
Kc6 Rc1+ 54. Kb7 1-0